Arrêts de la ligne 19 de Lyon (TCL) - Statistiques

Statistiques générales
  • Ce quiz a été pris 20 fois
  • Le résultat moyen est 22 sur 40
Statistiques - réponses
Lieu de résidence Arrêt % Correct
Lyon 9e Gorge de Loup
94%
Écully Écully Centre
89%
Écully Écully Le Pérollier
89%
Lyon 1er Hôtel de Ville Louis Pradel
89%
Lyon 5e Saint-Paul
83%
Lyon 9e Pont Mouton
78%
Lyon 9e Piscine de Vaise
72%
Lyon 9e Saint-Pierre de Vaise
61%
Écully Agronomie
56%
Lyon 9e Berthet - Loucheur
56%
Écully Centre Culturel
56%
Écully Chalin
56%
Écully Échangeur du Pérollier
56%
Lyon 9e Échangeur Sauvegarde
56%
Lyon 9e La Vallonière
56%
Écully Pont d'Écully
56%
Lyon 9e Pont Koenig RD
56%
Lyon 9e Sergent Berthet
56%
Lyon 1er Terreaux La Feuillée
56%
Lyon 9e Jean Zay
50%
Écully La Vernique
50%
Écully Lycée François Cevert
50%
Lyon 1er (dir. HDV) Pont Koenig RG
50%
Lyon 1er (dir. HDV) Saint-Vincent
50%
Écully Acacias
44%
Lyon 9e Centre Social Sauvegarde
44%
Écully Édouard Aynard
44%
Lyon 5e Homme de la Roche RD
44%
Lyon 1er (dir. HDV) Homme de la Roche RG
44%
Lyon 9e La Trappe
44%
Lyon 1er (dir. HDV) Subsistances
44%
Écully Valpré
44%
Lyon 9e Apollinaire - Bourbonnais
39%
Lyon 9e Docteur Horand
39%
Lyon 9e Greillon
39%
Écully Moulin Carron
39%
Lyon 1er Musée des Beaux-Arts
39%
Lyon 5e Pierre Scize
39%
Lyon 9e Joannès Masset
33%
Lyon 9e Marietton - S.Apollinaire
33%
Aucun quiz correspondant
Distribution des résultats
% des personnes avec chaque résultat
Percentile par nombre de réponses
Votre historique - résultats
Vous n’avez pas pris ce quiz